| 000 | 00475nam a2200145Ia 4500 | ||
|---|---|---|---|
| 008 | 231129s1997||||xx |||||||||||||| ||spa|| | ||
| 020 | _a958-20-0335-9 | ||
| 040 | _bspa | ||
| 082 | _a371.3 S237i | ||
| 100 | _aSantos Filho José Camilo Dos | ||
| 245 | 0 | _aInvestigación educativa. Cantidad - Cualidad : Un debate paradigmático | |
| 260 | _c1997 | ||
| 264 | _aBogotá Colombia : Cooperativa Editorial Magisterio | ||
| 942 |
_2ddc _cBKS |
||
| 999 |
_c15999 _d15999 |
||